00813nam a2200241 450000100060000000300080000600500170001400800390003103500190007004000320008904100080012108200250012910000210015424500910017526000450026630000340031149000460034550400370039165000310042865000270045970000390048683000460052512350BD-RjUL20211208235258.0140128s1964 nyua b 001 0 eng a(BD-RjUL)12399 aDLCcDLCdDLCdBD-RjULbeng aeng00a577.22bPLE 19642231 aPlatt, Robert B.10aEnvironmental measurement and interpretation /cRobert B. Platt and John F. Griffiths. aNew York :bReinhold Pub. Corp. ,cc1964 axii, 235 p. :bill. ;c23 cm.0 aReinhold books in the biological sciences aIncludes Bibliography and index. 0aBioclimatologyxTechnique. 0aBiology, Experimental.1 aGriffiths, John F.,ejoint author. aReinhold books in the biological sciences